| 000 | 01398cam a22003135a 4500 | ||
|---|---|---|---|
| 001 | 16801354 | ||
| 005 | 20151102115757.0 | ||
| 008 | 110526r20132012stka frbd 001 0 eng d | ||
| 020 | _a9780723436300 | ||
| 040 |
_aDNLM/DLC _cDLC _beng _dEG-ScBUE _dEG-ScBUE |
||
| 082 | 0 | 4 |
_a615.1 _bBAT _222 |
| 100 | 1 |
_aBattista, Elisabetta. _938632 |
|
| 245 | 1 | 0 |
_aPharmacology / _cElisabetta Battista. |
| 250 | _a4th ed. | ||
| 260 |
_aEdinburgh : _bMosby / Elsevier, _c2013. |
||
| 300 |
_ax, 236 p. : _bill. ; _c26 cm. |
||
| 490 | 0 | _aCrash course | |
| 500 | _aIndex : p. 221-236. | ||
| 500 | _aGlossary : p. 219-220. | ||
| 500 | _aRev. ed. of : Pharmacology / Gada Yassin. 3rd ed. 2007. | ||
| 500 | _aRev. ed. of : Pharmacology / Magali N. F. Taylor, Peter J. W. Reide and James S. Dawson. 1st and 2nd ed. 2002 and 2004. | ||
| 504 | _aIncludes bibliographical references. | ||
| 505 | 0 | _aIntroduction to pharmacology -- Cardiovascular system -- Respiratory system -- Peripheral nervous system -- Central nervous system -- Endocrine and reproductive systems -- Kidney and urinary system -- Gastrointestinal system -- Pain and anaesthesia -- Inflammation, allergic diseases and immunosuppression -- Infectious diseases -- Cancer. | |
| 650 | 0 |
_aPharmacology. _2BUEsh _912590 |
|
| 650 | 1 | 2 |
_aPharmacology, Clinical. _2BUEsh |
| 651 | _2BUEsh | ||
| 653 |
_bPPhrm _cJuly2015 _cNovember2015 |
||
| 942 | _2ddc | ||
| 999 |
_c20182 _d20154 |
||